[Event "MVP-ch Seniors op 19th"]
[Site "Ostseebad Binz"]
[Date "2019.12.02"]
[Round "6"]
[White "Schuetze, Manfred"]
[Black "Krause, Werner"]
[Result "0-1"]
[WhiteElo "1794"]
[BlackElo "1606"]
[PlyCount "104"]
[EventDate "2019.11.27"]
[EventType "swiss"]
[EventRounds "9"]
[EventCountry "GER"]
[SourceTitle "EXT 2021"]
[Source "ChessBase"]
[SourceDate "2020.10.23"]
[SourceVersion "1"]
[SourceVersionDate "2020.10.23"]
[SourceQuality "1"]

1. e4 e5 2. Nf3 Nc6 3. Bb5 a6 4. Ba4 b5 5. Bb3 Be7 6. 0-0 Bf6 7. c3 Na5 8. Bc2 c5 9. Re1 Nc6 10. d4 d6 11. d5 Na7 12. Nbd2 Qc7 13. Nf1 g6 14. h3 Qe7 15. Be3 Qc7 16. Qd2 h6 17. a4 Bd7 18. a5 Be7 19. N3h2 f5 20. exf5 gxf5 21. f4 e4 22. Bf2 0-0-0 23. Ne3 Nf6 24. Nhf1 Rdg8 25. Kh1 Rg6 26. Bd1 h5 27. b3 Kb7 28. b4 Ne8 29. c4 Bf6 30. Rc1 Bd4 31. Nc2 Bxf2 32. Qxf2 Rhg8 33. Nfe3 Nf6 34. Be2 Nc8 35. cxb5 axb5 36. Ra1 Ka6 37. Rec1 Ne7 38. Nd4 Nexd5 39. Nxd5 Nxd5 40. bxc5 dxc5 41. Nxb5 Bxb5 42. Rxc5 Qxf4 43. Bxb5+ Kb7 44. Bc6+ Rxc6 45. Qb2+ Nb6 46. Rxc6 Kxc6 47. Qxb6+ Kd7 48. Rd1+ Ke7 49. Qc5+ Kf6 50. Qd6+ Qxd6 51. Rxd6+ Kg5 52. a6 Ra8 0-1

[Event "GER AM05-A email"]
[Site "GER email"]
[Date "2019.06.19"]
[Round "?"]
[White "Schuetze, Manfred"]
[Black "Miras Garcia, Eduardo"]
[Result "1/2-1/2"]
[WhiteElo "2490"]
[BlackElo "2511"]
[PlyCount "100"]
[EventDate "2019.??.??"]
[EventType "tourn (corr)"]
[EventRounds "14"]
[EventCountry "GER"]
[SourceTitle "Corr 2022"]
[Source "ChessBase"]
[SourceDate "2021.10.24"]
[SourceVersion "1"]
[SourceVersionDate "2021.10.24"]
[SourceQuality "1"]

1. e4 c5 2. Nc3 Nc6 3. Nf3 e5 4. Bc4 Be7 5. d3 d6 6. Nd2 Nf6 7. Nf1 Bg4 8. f3 Be6 9. Ne3 0-0 10. 0-0 a6 11. a4 Rb8 12. Ned5 Bxd5 13. Bxd5 Nxd5 14. Nxd5 Nb4 15. Ne3 Bg5 16. Nf5 g6 17. Ne3 f5 18. c3 Nc6 19. Kh1 Rf7 20. Rb1 f4 21. Nd5 Ne7 22. Qb3 b5 23. axb5 Rxb5 24. Nxe7+ Qxe7 25. Qc2 Qb7 26. Bd2 h5 27. b3 Rb6 28. Qa2 Kg7 29. Rfc1 Bf6 30. b4 cxb4 31. cxb4 Rd7 32. h3 Bh4 33. d4 d5 34. dxe5 dxe4 35. Bxf4 exf3 36. Kh2 Rc6 37. Rxc6 Qxc6 38. Rf1 fxg2 39. Qxg2 Qxg2+ 40. Kxg2 Rd4 41. Kf3 Rxb4 42. Bd2 Rb2 43. Be3 Kf7 44. Bd4 Ra2 45. Ke4+ Ke6 46. Rg1 Re2+ 47. Kd3 Rh2 48. Rxg6+ Kf5 49. Rxa6 Rxh3+ 50. Kc4 Be7 1/2-1/2

[Event "MVP-ch Seniors op 18th"]
[Site "Ostseebad Binz"]
[Date "2018.12.05"]
[Round "8"]
[White "Kuehn, Peter1111"]
[Black "Schuetze, Manfred"]
[Result "1-0"]
[WhiteElo "1929"]
[BlackElo "1806"]
[PlyCount "83"]
[EventDate "2018.11.28"]
[EventType "swiss"]
[EventRounds "9"]
[EventCountry "GER"]
[SourceTitle "CBM 188 Extra"]
[Source "ChessBase"]
[SourceDate "2019.02.26"]
[SourceVersion "1"]
[SourceVersionDate "2019.02.26"]
[SourceQuality "1"]

1. e4 e5 2. Nf3 Nc6 3. d4 exd4 4. Nxd4 Nf6 5. Nxc6 bxc6 6. Bd3 d5 7. exd5 Qe7+ 8. Qe2 Qxe2+ 9. Kxe2 Nxd5 10. Re1 Bd6 11. Kf1+ Ne7 12. h3 0-0 13. Bd2 Rb8 14. b3 Bf5 15. Bxf5 Nxf5 16. Bc3 c5 17. Re4 Rfe8 18. Ra4 Rb7 19. Nd2 Ne7 20. Re1 f6 21. Nc4 Kf7 22. Na5 Rbb8 23. Nc4 Rb7 24. Ne3 c6 25. Re4 Rbb8 26. Nc4 Bc7 27. Ba5 Bxa5 28. Nxa5 Rbd8 29. Rxe7+ Rxe7 30. Rxe7+ Kxe7 31. Nxc6+ Kd7 32. Nxd8 Kxd8 33. Ke2 Kd7 34. Kd3 Kd6 35. Kc4 a6 36. c3 Kc6 37. b4 cxb4 38. cxb4 Kb6 39. a4 Kc6 40. g4 g6 41. f4 g5 42. b5+ 1-0

[Event "MVP-ch Seniors op 18th"]
[Site "Ostseebad Binz"]
[Date "2018.11.30"]
[Round "3"]
[White "Schuetze, Manfred"]
[Black "Maczollek, Helmut"]
[Result "1/2-1/2"]
[WhiteElo "1806"]
[BlackElo "1591"]
[PlyCount "55"]
[EventDate "2018.11.28"]
[EventType "swiss"]
[EventRounds "9"]
[EventCountry "GER"]
[SourceTitle "CBM 188 Extra"]
[Source "ChessBase"]
[SourceDate "2019.02.26"]
[SourceVersion "1"]
[SourceVersionDate "2019.02.26"]
[SourceQuality "1"]

1. e4 d6 2. d4 Nf6 3. Nc3 c6 4. Nf3 Bg4 5. h3 Bxf3 6. Qxf3 Nbd7 7. Qd1 e6 8. Be2 Be7 9. 0-0 0-0 10. Be3 b5 11. a3 a5 12. Bf3 Qc7 13. Qe2 Rfb8 14. Rab1 Nb6 15. b3 Nbd7 16. Nd1 c5 17. c3 Rc8 18. Nb2 cxd4 19. cxd4 Qc2 20. Rbc1 Qxe2 21. Bxe2 Nxe4 22. Rxc8+ Rxc8 23. Bxb5 Ndf6 24. Rc1 Rc3 25. Rxc3 Nxc3 26. Bd3 d5 27. a4 Ba3 28. Bc1 1/2-1/2

[Event "MVP-ch Seniors op 17th"]
[Site "Binz"]
[Date "2017.12.06"]
[Round "8.59"]
[White "Schuetze, Manfred"]
[Black "Krueger, Bernhard"]
[Result "0-1"]
[WhiteElo "1841"]
[BlackElo "1698"]
[PlyCount "73"]
[EventDate "2017.11.29"]
[EventType "swiss"]
[EventRounds "9"]
[EventCountry "GER"]
[SourceTitle "EXT 2019"]
[Source "ChessBase"]
[SourceDate "2018.10.10"]
[SourceVersion "1"]
[SourceVersionDate "2018.10.10"]
[SourceQuality "1"]

1. e4 d5 2. exd5 Qxd5 3. Nc3 Qd8 4. d4 Nf6 5. Bc4 Bf5 6. Nf3 Nc6 7. h3 h6 8. 0-0 a6 9. a3 e6 10. Re1 Be7 11. Be3 0-0 12. Qe2 b5 13. Bb3 Re8 14. Red1 Nd5 15. Nxd5 exd5 16. Qd2 g5 17. g4 Be4 18. Ne1 Qd6 19. f3 Bg6 20. Bf2 Bf6 21. Ba2 Re7 22. c3 Rae8 23. Bb1 Bxb1 24. Raxb1 Re2 25. Qd3 R8e3 26. Qf5 Ne7 27. Qd3 Rxd3 28. Nxd3 Ng6 29. Re1 Rxe1+ 30. Rxe1 Nf4 31. Nxf4 Qxf4 32. Re3 Kg7 33. Kg2 Qd6 34. Bg3 Qb6 35. Kf2 c5 36. dxc5 Qxc5 37. Ke2 0-1

[Event "MVP-ch Seniors op 16th"]
[Site "Binz"]
[Date "2016.11.25"]
[Round "3.71"]
[White "Schuetze, Manfred"]
[Black "Freerksen, Uwe"]
[Result "1-0"]
[WhiteElo "1847"]
[BlackElo "1505"]
[PlyCount "95"]
[EventDate "2016.11.23"]
[EventType "swiss"]
[EventRounds "9"]
[EventCountry "GER"]
[SourceTitle "EXT 2018"]
[Source "ChessBase"]
[SourceDate "2017.10.13"]
[SourceVersion "1"]
[SourceVersionDate "2017.10.13"]
[SourceQuality "1"]

1. e4 e5 2. Nf3 Nc6 3. Bb5 d6 4. c3 Bd7 5. 0-0 Nf6 6. Re1 Be7 7. d4 exd4 8. cxd4 0-0 9. h3 h6 10. Nbd2 a6 11. Bd3 Nb4 12. Bb1 Nc6 13. Nf1 Nh7 14. Ng3 Bg5 15. Nxg5 Nxg5 16. f4 Nh7 17. Qd3 Nb4 18. Qb3 a5 19. a3 Nc6 20. Qd3 f5 21. Nxf5 Bxf5 22. exf5 Nf6 23. g4 Re8 24. Re6 d5 25. Re3 Qd6 26. Bd2 Rxe3 27. Bxe3 Re8 28. Bc2 Kh8 29. Kg2 b6 30. Rc1 Nd8 31. Ba4 Rg8 32. Re1 c6 33. Rc1 b5 34. Bd1 a4 35. Bd2 Ne4 36. Be3 Nf6 37. Bf3 Nb7 38. Qc3 Nd8 39. Qc5 Qxc5 40. Rxc5 Re8 41. Bf2 Nd7 42. Rc2 Nf6 43. Bh4 Rg8 44. Kf2 g5 45. fxg6 Rxg6 46. f5 Nxg4+ 47. hxg4 Rg8 48. Bxd8 1-0